000 00329nam a2200145Ia 4500
003 OSt
005 20240322105213.0
008 170523s9999 xx 000 0 und d
020 _a9788120350342
040 _cIIMTU MEERUT
100 _aSRINIVASAN
245 0 _aSERVICE MARKETING
260 _bTATA MC GRAW HILL
942 _2ddc
_c02
999 _c1826
_d1826